| 000 | 00565nam a2200205 a 4500 | ||
|---|---|---|---|
| 001 | 14728 | ||
| 003 | CO-ViMGA | ||
| 008 | 141112s2004 ck r 000 u spa d | ||
| 020 | _a9583316253 | ||
| 040 |
_aCO-ViMGA _bspa _cCO-ViMGA |
||
| 082 | 0 | 4 | _aFrCo 863 C177de |
| 100 | 1 |
_aCastilla B., Mario Yesid _92884 |
|
| 245 | 1 | 0 | _aDel Llano, Gorgona y otros relatos |
| 260 | _aVillavicencio .Entreletras.2000 | ||
| 300 | _a179.p. | ||
| 650 | 1 | 4 |
_aANTOLOGIA _92885 |
| 650 | 1 | 4 |
_aLITERATURA COLOMBIANA _91068 |
| 650 | 1 | 4 |
_aPRISIONES - ASPECTOS SOCIALES _92886 |
| 942 |
_2ddc _cBK |
||
| 999 |
_c9709 _d9709 |
||